000 00514nam a22001817a 4500
005 20260420110920.0
008 260420b |||||||| |||| 00| 0 eng d
020 _a978-1-133-60760-1
082 _a657
_bWAR-A
100 _aWarren, Carl
_aJefferson Jones
_aWilliam Tayler
245 _aAccounting
250 _a25 Ed,
_bVol-I, Vol-II
260 _aMason, USA
_bCengage Learning
_c2013
300 _a1328 p.
500 _aIncludes an appendix, glossary, and subject index.
650 _aAccounting
942 _cBK
999 _c47332
_d47332